000 00646nam a2200229Ia 4500
003 OSt
005 20220918201411.0
006 a|||||r|||| 00| 0
007 ta
008 220917b |||||||| |||| 00| 0 eng d
024 _a93,684
037 _cTextual
040 _aARTS
_cARTS
_beng
041 _2eng
_aeng
082 _aV1N4:19(zT).N8, M5
100 _aBeker Avi
_998579
245 0 _aDisarmament without order
_b the politics of disarmament at the United Nations
260 _aWestport
_bGreenwood
_c1985
650 _aHISTORY
942 _hV1N4:19(zT).N8, M5
_cTEXL
_2CC
999 _c217326
_d217326